[Event "Hastings Masters op 93rd"]
[Site "Hastings"]
[Date "2018.01.05"]
[Round "9"]
[White "Ramstad, Havard"]
[Black "Lovell, William Pm"]
[Result "1-0"]
[WhiteElo "1965"]
[BlackElo "1688"]
[PlyCount "63"]
[EventDate "2017.12.28"]
[EventType "swiss"]
[EventRounds "9"]
[EventCountry "ENG"]
[SourceTitle "CBM 182 Extra"]
[Source "ChessBase"]
[SourceDate "2018.02.23"]
[SourceVersion "1"]
[SourceVersionDate "2018.02.23"]
[SourceQuality "1"]

1. d4 d5 2. Bf4 Nf6 3. e3 c5 4. c3 Nc6 5. Nd2 Bf5 6. Qb3 Qd7 7. Ngf3 c4 8. Qd1 e6 9. Ne5 Nxe5 10. Bxe5 Be7 11. Bxf6 Bxf6 12. e4 Bg6 13. exd5 exd5 14. Be2 0-0 15. 0-0 b5 16. Bf3 Rab8 17. a3 a5 18. Re1 Rfe8 19. Rxe8+ Rxe8 20. g3 Bg5 21. Bg2 Bxd2 22. Qxd2 Be4 23. f3 Bd3 24. Re1 Rxe1+ 25. Qxe1 Qe6 26. Qe5 h6 27. Kf2 Kf8 28. f4 Qxe5 29. fxe5 Be4 30. Bxe4 dxe4 31. Ke3 Ke7 32. Kxe4 1-0

[Event "Hastings Masters op 93rd"]
[Site "Hastings"]
[Date "2018.01.03"]
[Round "7"]
[White "Ramstad, Havard"]
[Black "Willow, Jonah B"]
[Result "1/2-1/2"]
[WhiteElo "1965"]
[BlackElo "2152"]
[PlyCount "104"]
[EventDate "2017.12.28"]
[EventType "swiss"]
[EventRounds "9"]
[EventCountry "ENG"]
[SourceTitle "CBM 182 Extra"]
[Source "ChessBase"]
[SourceDate "2018.02.23"]
[SourceVersion "1"]
[SourceVersionDate "2018.02.23"]
[SourceQuality "1"]

1. d4 Nf6 2. c4 c5 3. Nf3 cxd4 4. Nxd4 Nc6 5. Nc2 e6 6. g3 Qb6 7. Bg2 h5 8. h4 Ng4 9. 0-0 Be7 10. Nc3 Na5 11. b3 Bf6 12. Ne4 Bxa1 13. Nd6+ Kf8 14. Ba3 Kg8 15. Qxa1 Rh6 16. Qd4 Qxd4 17. Nxd4 Nc6 18. N4b5 b6 19. Bc1 Rh8 20. Rd1 Nf6 21. Nd4 Ba6 22. b4 Rd8 23. Bxc6 dxc6 24. Nxc6 Ra8 25. b5 Bc8 26. Nxc8 Rxc8 27. Ne7+ Kh7 28. Nxc8 Rxc8 29. Bg5 Rxc4 30. Bxf6 gxf6 31. Rd7 Ra4 32. Rxf7+ Kg6 33. Re7 e5 34. Kg2 Rxa2 35. Kf3 Ra5 36. Ke3 Kf5 37. Rh7 Rxb5 38. Rxa7 Rb2 39. Rh7 Kg6 40. Rb7 b5 41. f3 b4 42. g4 b3 43. Rb6 hxg4 44. fxg4 Rb1 45. g5 Rh1 46. Rxf6+ Kg7 47. Rb6 Rxh4 48. Kd2 Rh3 49. e3 Rh2+ 50. Kd3 b2 51. Ke4 Re2 52. Kxe5 Rxe3+ 1/2-1/2

[Event "Hastings Masters op 93rd"]
[Site "Hastings"]
[Date "2017.12.29"]
[Round "2"]
[White "Ramstad, Havard"]
[Black "Stanisz, Patryk"]
[Result "0-1"]
[WhiteElo "1965"]
[BlackElo "2150"]
[PlyCount "74"]
[EventDate "2017.12.28"]
[EventType "swiss"]
[EventRounds "9"]
[EventCountry "ENG"]
[SourceTitle "CBM 182 Extra"]
[Source "ChessBase"]
[SourceDate "2018.02.23"]
[SourceVersion "1"]
[SourceVersionDate "2018.02.23"]
[SourceQuality "1"]

1. d4 d5 2. c4 c6 3. Nc3 Nf6 4. Nf3 e6 5. Bg5 h6 6. Bxf6 Qxf6 7. e3 g6 8. Qd2 Nd7 9. 0-0-0 dxc4 10. Bxc4 Bg7 11. Ne5 0-0 12. f4 Qe7 13. Kb1 Nb6 14. Bd3 c5 15. h4 Rd8 16. dxc5 Qxc5 17. Ne4 Qe7 18. h5 g5 19. Nxg5 hxg5 20. Bh7+ Kxh7 21. Qxd8 Qxd8 22. Rxd8 Bxe5 23. fxe5 Bd7 24. Rxa8 Nxa8 25. Rf1 Be8 26. Kc2 Nb6 27. Kc3 g4 28. Kd4 Kh6 29. b3 Kxh5 30. g3 Nd5 31. Rh1+ Kg6 32. Rh8 Bc6 33. Rg8+ Kh6 34. Rxg4 Ne7 35. e4 Ng6 36. Ke3 Kh5 37. Kf3 Nxe5+ 0-1

[Event "Hastings Masters op 93rd"]
[Site "Hastings"]
[Date "2017.12.28"]
[Round "1"]
[White "Ramstad, Havard"]
[Black "Lalla, Karol"]
[Result "1-0"]
[WhiteElo "1965"]
[BlackElo "1600"]
[PlyCount "20"]
[EventDate "2017.12.28"]
[EventType "swiss"]
[EventRounds "9"]
[EventCountry "ENG"]
[SourceTitle "CBM 182 Extra"]
[Source "ChessBase"]
[SourceDate "2018.02.23"]
[SourceVersion "1"]
[SourceVersionDate "2018.02.23"]
[SourceQuality "1"]

1. d4 c6 2. c4 e6 3. Nc3 d5 4. Nf3 f5 5. h3 Nf6 6. g4 Bd6 7. gxf5 0-0 8. Rg1 Qc7 9. Bh6 Rf7 10. Ng5 gxh6 1-0

[Event "Hastings Masters op 91st"]
[Site "Hastings"]
[Date "2015.12.31"]
[Round "4"]
[White "Prosviriakov, Vladimir"]
[Black "Ramstad, Havard"]
[Result "1-0"]
[WhiteElo "2232"]
[BlackElo "2026"]
[PlyCount "61"]
[EventDate "2015.12.28"]
[EventType "swiss"]
[EventRounds "9"]
[EventCountry "ENG"]
[SourceTitle "CBM 170 Extra"]
[Source "ChessBase"]
[SourceDate "2016.02.25"]
[SourceVersion "1"]
[SourceVersionDate "2016.02.25"]
[SourceQuality "1"]

1. e4 c6 2. Nc3 d5 3. Nf3 Bg4 4. h3 Bxf3 5. Qxf3 e6 6. d4 Nd7 7. Bf4 Ne7 8. 0-0-0 Ng6 9. Bg3 a6 10. h4 h5 11. exd5 cxd5 12. Bd3 Qf6 13. Qe3 Ne7 14. Bf4 g6 15. Bg5 Qg7 16. Rhe1 0-0-0 17. Qe2 Nb8 18. Kb1 Rd6 19. Bf4 Rc6 20. Be5 f6 21. Bg3 Qf7 22. Qf3 Nf5 23. Bxf5 gxf5 24. Re2 Bb4 25. Re3 Nd7 26. Ne2 Nb6 27. c3 Bf8 28. Nf4 Nc4 29. Re2 b5 30. Nxe6 Nb6 31. Qxf5 1-0

[Event "Hastings Masters op 90th"]
[Site "Hastings"]
[Date "2015.01.06"]
[Round "9"]
[White "Ramstad, Havard"]
[Black "McKenna, John R"]
[Result "1-0"]
[WhiteElo "2063"]
[BlackElo "1722"]
[PlyCount "35"]
[EventDate "2014.12.29"]
[EventType "swiss"]
[EventRounds "9"]
[EventCountry "ENG"]
[SourceTitle "CBM 164 Extra"]
[Source "ChessBase"]
[SourceDate "2015.03.02"]
[SourceVersion "1"]
[SourceVersionDate "2015.03.02"]
[SourceQuality "1"]

1. d4 d5 2. c4 c6 3. Nf3 Nf6 4. Nc3 a6 5. e3 b5 6. cxd5 cxd5 7. Bd3 e6 8. 0-0 Be7 9. b3 0-0 10. Ne5 Bb7 11. Bb2 Nbd7 12. f4 Qb6 13. Rf3 Rab8 14. Rh3 Nxe5 15. Bxh7+ Kh8 16. fxe5 Ng8 17. Bc2+ Nh6 18. Qd3 1-0

[Event "Hastings Masters op 90th"]
[Site "Hastings"]
[Date "2015.01.04"]
[Round "7"]
[White "Ramstad, Havard"]
[Black "Willson, Ollie"]
[Result "0-1"]
[WhiteElo "2063"]
[BlackElo "1874"]
[PlyCount "122"]
[EventDate "2014.12.29"]
[EventType "swiss"]
[EventRounds "9"]
[EventCountry "ENG"]
[SourceTitle "CBM 164 Extra"]
[Source "ChessBase"]
[SourceDate "2015.03.02"]
[SourceVersion "1"]
[SourceVersionDate "2015.03.02"]
[SourceQuality "1"]

1. d4 Nf6 2. c4 g6 3. Nc3 Bg7 4. e4 d6 5. Nf3 0-0 6. Be2 e5 7. 0-0 Nc6 8. d5 Ne7 9. b4 Nh5 10. Re1 Nf4 11. Bf1 f5 12. Bxf4 exf4 13. Rc1 fxe4 14. Nxe4 Nf5 15. Neg5 h6 16. Ne6 Bxe6 17. dxe6 g5 18. Qd5 c6 19. Qe4 d5 20. cxd5 cxd5 21. Qc2 g4 22. Ne5 g3 23. Nf3 Rc8 24. Qxc8 gxf2+ 25. Kxf2 Qxc8 26. Rxc8 Rxc8 27. Bb5 Bf6 28. Bd7 Rc2+ 29. Re2 Rxe2+ 30. Kxe2 Kf8 31. Kd3 Ke7 32. a4 b6 33. Ng1 Ng7 34. Nh3 Be5 35. Nf2 Nxe6 36. Bxe6 Kxe6 37. Ke2 a6 38. Kf3 Kf5 39. Nd3 Bd6 40. b5 axb5 41. axb5 h5 42. h4 d4 43. Nf2 Ke5 44. Ke2 Kd5 45. Kd3 Be7 46. Nh3 Ke5 47. Ng1 Bf6 48. Nf3+ Kd5 49. Ng1 Bxh4 50. Ne2 Bg5 51. Nxd4 Bf6 52. Nb3 Be5 53. Nc1 h4 54. Ne2 f3 55. gxf3 h3 56. f4 h2 57. Ng3 Bxf4 58. Nh1 Bg5 59. Ke2 Bh4 60. Kf3 Kc4 61. Kg2 Kxb5 0-1

[Event "Hastings Masters op 90th"]
[Site "Hastings"]
[Date "2015.01.02"]
[Round "5"]
[White "Ternault, Mathieu"]
[Black "Ramstad, Havard"]
[Result "1-0"]
[WhiteElo "2225"]
[BlackElo "2063"]
[PlyCount "65"]
[EventDate "2014.12.29"]
[EventType "swiss"]
[EventRounds "9"]
[EventCountry "ENG"]
[SourceTitle "CBM 164 Extra"]
[Source "ChessBase"]
[SourceDate "2015.03.02"]
[SourceVersion "1"]
[SourceVersionDate "2015.03.02"]
[SourceQuality "1"]

1. d4 e6 2. c4 Nf6 3. Nc3 d5 4. Nf3 Be7 5. Bg5 0-0 6. e3 b6 7. Qc2 Bb7 8. cxd5 Nxd5 9. Bxe7 Qxe7 10. Nxd5 exd5 11. Bd3 h6 12. Rc1 c6 13. Ne5 c5 14. 0-0 a5 15. f4 Nc6 16. Qf2 Rac8 17. a3 cxd4 18. exd4 Nxe5 19. dxe5 Qd8 20. Qd4 Rc6 21. Bb1 Qc8 22. Qd3 g6 23. Rxc6 Qxc6 24. f5 d4 25. Qg3 Ba6 26. Re1 d3 27. Bxd3 Qc5+ 28. Kf1 Bxd3+ 29. Qxd3 g5 30. f6 Re8 31. e6 Rxe6 32. Rxe6 fxe6 33. Qg6+ 1-0

[Event "Hastings Masters op 88th"]
[Site "Hastings"]
[Date "2013.01.06"]
[Round "10"]
[White "Furman, Boris"]
[Black "Ramstad, Havard"]
[Result "1-0"]
[WhiteElo "2237"]
[BlackElo "2071"]
[PlyCount "61"]
[EventDate "2012.12.28"]
[EventType "swiss"]
[EventRounds "10"]
[EventCountry "ENG"]
[SourceTitle "CBM 152 Extra"]
[Source "ChessBase"]
[SourceDate "2013.02.25"]
[SourceVersion "1"]
[SourceVersionDate "2013.02.25"]
[SourceQuality "1"]

1. d4 d5 2. c4 c6 3. Nc3 Nf6 4. Bg5 dxc4 5. Nf3 h6 6. Bh4 Qa5 7. Qd2 Nd5 8. e4 Nxc3 9. bxc3 b5 10. Be2 Bb7 11. 0-0 e6 12. Ne5 Bd6 13. f4 Bxe5 14. fxe5 g5 15. Bh5 Nd7 16. Bxf7+ Kd8 17. Bxe6 gxh4 18. Bxd7 Kc7 19. e6 Qa3 20. Rf7 Raf8 21. Raf1 Rxf7 22. Rxf7 Rg8 23. Qf4+ Kb6 24. Bxc6 Rxg2+ 25. Kxg2 Qb2+ 26. Kh3 Qxc3+ 27. Kg4 Ka5 28. Rxb7 Qxd4 29. Qc7+ Kb4 30. Qe7+ Ka5 31. Qa3# 1-0

[Event "Hastings Masters op 86th"]
[Site "Hastings"]
[Date "2011.01.05"]
[Round "9"]
[White "Ramstad, Havard"]
[Black "Rayner, Francis"]
[Result "1/2-1/2"]
[WhiteElo "1793"]
[BlackElo "2141"]
[PlyCount "39"]
[EventDate "2010.12.28"]
[EventType "swiss"]
[EventRounds "9"]
[EventCountry "ENG"]
[SourceTitle "CBM 140 Extra"]
[Source "ChessBase"]
[SourceDate "2011.03.01"]
[SourceVersion "1"]
[SourceVersionDate "2011.03.01"]
[SourceQuality "1"]

1. d4 Nf6 2. c4 e6 3. Nc3 Bb4 4. Qc2 0-0 5. a3 Bxc3+ 6. Qxc3 Ne4 7. Qc2 f5 8. Nh3 d6 9. f3 Nf6 10. e3 e5 11. dxe5 dxe5 12. Be2 Nc6 13. b4 e4 14. f4 a6 15. Bb2 Qe7 16. 0-0 Ng4 17. Qc3 h6 18. Nf2 Nf6 19. Rad1 Be6 20. Rd2 1/2-1/2

[Event "Hastings Masters op 86th"]
[Site "Hastings"]
[Date "2011.01.01"]
[Round "5"]
[White "Zhu, Yao Yao"]
[Black "Ramstad, Havard"]
[Result "1-0"]
[WhiteElo "1994"]
[BlackElo "1793"]
[PlyCount "99"]
[EventDate "2010.12.28"]
[EventType "swiss"]
[EventRounds "9"]
[EventCountry "ENG"]
[SourceTitle "CBM 140 Extra"]
[Source "ChessBase"]
[SourceDate "2011.03.01"]
[SourceVersion "1"]
[SourceVersionDate "2011.03.01"]
[SourceQuality "1"]

1. e4 c6 2. Ne2 d5 3. e5 Bf5 4. Ng3 Bg6 5. h4 h5 6. d4 e6 7. Nd2 c5 8. Nf3 cxd4 9. Nxd4 a6 10. Bd3 Bxd3 11. Qxd3 Qc7 12. Bf4 Ne7 13. Kf1 Nbc6 14. Re1 Nxd4 15. Qxd4 Nc6 16. Qd2 Qa5 17. c3 Qxa2 18. Ne2 Qa4 19. Rh3 Be7 20. Kg1 g6 21. Nc1 Na5 22. Bg5 Bxg5 23. Qxg5 Qd7 24. Qf6 Rf8 25. Nd3 Qe7 26. Qf4 Rc8 27. Qa4+ Nc6 28. b4 Rg8 29. Qd1 Qc7 30. Qd2 Ne7 31. Nc5 Nf5 32. Qg5 Rb8 33. Rf3 Qe7 34. Rxf5 exf5 35. Qd2 g5 36. e6 f6 37. hxg5 Rxg5 38. Qxd5 f4 39. Qd7+ Kf8 40. Qd4 Rd8 41. Qxf4 Rdd5 42. Kf1 Kg7 43. c4 Rd6 44. Re3 Rxc5 45. bxc5 Rxe6 46. Rxe6 Qxe6 47. Qc7+ Kg6 48. Qg3+ Kh7 49. Qd3+ f5 50. Qd5 1-0

[Event "Hastings Masters op 86th"]
[Site "Hastings"]
[Date "2010.12.31"]
[Round "4"]
[White "Ramstad, Havard"]
[Black "Longson, Sarah N"]
[Result "1/2-1/2"]
[WhiteElo "1793"]
[BlackElo "2080"]
[PlyCount "111"]
[EventDate "2010.12.28"]
[EventType "swiss"]
[EventRounds "9"]
[EventCountry "ENG"]
[SourceTitle "CBM 140 Extra"]
[Source "ChessBase"]
[SourceDate "2011.03.01"]
[SourceVersion "1"]
[SourceVersionDate "2011.03.01"]
[SourceQuality "1"]

1. d4 Nf6 2. c4 g6 3. Nc3 d5 4. cxd5 Nxd5 5. e4 Nxc3 6. bxc3 Bg7 7. Bc4 0-0 8. Ne2 c5 9. 0-0 Nc6 10. Be3 Qc7 11. Rc1 Rd8 12. Bf4 Be5 13. Bxe5 Nxe5 14. Qb3 Nxc4 15. Qxc4 Be6 16. d5 Bd7 17. f4 Qa5 18. Qb3 c4 19. Qc2 f5 20. Nd4 Ba4 21. Qe2 fxe4 22. Qxe4 Qxd5 23. Qxe7 Re8 24. Qh4 Re4 25. Qg3 Rae8 26. f5 Re3 27. Qf2 Bd7 28. fxg6 hxg6 29. Qf6 R3e7 30. Rc2 Qh5 31. Rcf2 Rh7 32. Qf8+ Rxf8 33. Rxf8+ Kg7 34. R8f7+ Kh6 35. Rxh7+ Kxh7 36. Rf7+ Kh6 37. Rxd7 Qd1+ 38. Kf2 Qd2+ 39. Kg3 Qxc3+ 40. Nf3 Qb4 41. h4 Qb5 42. Rf7 c3 43. Ng5 Qd3+ 44. Kg4 Qd4+ 45. Kh3 Qh8 46. Rc7 Qg8 47. g4 b5 48. Ne4 Qe6 49. Ng5 Qg8 50. Ne4 Qe6 51. Ng5 Qe3+ 52. Kg2 Qe2+ 53. Kh3 Qf1+ 54. Kg3 Qg1+ 55. Kh3 Qh1+ 56. Kg3 1/2-1/2